| 000 | 00554nam a2200205 a 4500 | ||
|---|---|---|---|
| 001 | BRCA_7296 | ||
| 005 | 20190320205801.0 | ||
| 008 | 190412s1928----nyua######---#000-0#eng-# | ||
| 041 | _aeng | ||
| 044 | _anyu | ||
| 050 | 4 |
_aPZ3 _b.V36 1928 |
|
| 100 | 1 |
_aVan Dine, S. S. _d1888-1939 _918054 |
|
| 245 | 1 | 0 |
_aThe Greene Murder Case _ba Philo Vance Story _cby S. S. Van Dine. |
| 260 |
_aNueva York _bGrosset & Dunlap _cc1928 |
||
| 300 |
_ax, 388 p. _bil. _c20 cm. |
||
| 500 | _aI102 | ||
| 650 | 1 | 4 |
_aNovelas policĂacas _9877 |
| 902 | _aGFM | ||
| 942 |
_2lcc _cB |
||
| 999 |
_c6972 _d6972 |
||